| 000 | 00000nas 2200000zi 4500 |
| 001 | 9.939350 |
| 003 | CaOODSP |
| 005 | 20251103145143 |
| 006 | m o d f |
| 007 | cr cn |||||||| |
| 008 | 240614c20239999oncar p o f0 b0fre|d |
| 022 | |a2818-6346 |
| 040 | |aCaOODSP|bfre|erda|cCaOODSP |
| 043 | |an-cn--- |
| 086 | 1 |aJ1-31F-PDF |
| 222 | 0|aRapport annuel sur l'avancement de la mise en œuvre de la Loi sur la Déclaration des Nations Unies sur les droits des peuples autochtones |
| 245 | 00|a... rapport annuel sur l'avancement de la mise en œuvre de la Loi sur la Déclaration des Nations Unies sur les droits des peuples autochtones. |
| 264 | 1|a[Ottawa] : |bMinistère de la justice Canada = Department of Justice Canada, |c[2023]- |
| 310 | |aAnnuel |
| 336 | |atexte|btxt|2rdacontent/fre |
| 337 | |ainformatique|bc|2rdamedia/fre |
| 338 | |aressource en ligne|bcr|2rdacarrier/fre |
| 362 | 1 |aParaît depuis : 2ème (juillet 2023). |
| 500 | |aPublié aussi en anglais sous le titre : Annual progress report on implementation of the United Nations Declaration on the Rights of Indigenous Peoples Act. |
| 588 | |aDescription d'après : 2ème (juillet 2023); titre de la page couverture du fichier PDF. |
| 588 | |aDernière livraison consultée : 3ème (juin 2024). |
| 610 | 16|aCanada. |tLoi sur la Déclaration des Nations Unies sur les droits des peuples autochtones|vPériodiques. |
| 610 | 16|aCanada. |bMinistère de la justice|vPériodiques. |
| 650 | 6|aAutochtones|xDroits|zCanada|vPériodiques. |
| 650 | 6|aAutochtones|xDroit|zCanada|vLégislation|vPériodiques. |
| 650 | 6|aAutochtones|zCanada|xRelations avec l'État|vPériodiques. |
| 655 | 7|aPériodiques|2rvmgf |
| 710 | 1 |aCanada. |bMinistère de la justice, |eorganisme de publication. |
| 775 | 08|tAnnual progress report on implementation of the United Nations Declaration on the Rights of Indigenous Peoples Act.|w(CaOODSP)9.939349 |
| 780 | 00|tRapport d'avancement annuel sur la mise en œuvre de la Loi sur la Déclaration des Nations Unies sur les droits des peuples autochtones.|w(CaOODSP)9.940903 |